Normal view MARC view
  • Simmons, Geore.F, Krantz, Steven.G

Entry Personal Name

Number of records used in: 1

001 - CONTROL NUMBER

  • control field: 64611

003 - CONTROL NUMBER IDENTIFIER

  • control field: NUST

005 - DATE AND TIME OF LATEST TRANSACTION

  • control field: 20210628203315.0

008 - FIXED-LENGTH DATA ELEMENTS

  • fixed length control field: 210628|| aca||aabn | a|a d

040 ## - CATALOGING SOURCE

  • Original cataloging agency: NUST
  • Transcribing agency: NUST

100 ## - HEADING--PERSONAL NAME

  • Personal name: Simmons, Geore.F, Krantz, Steven.G

670 ## - SOURCE DATA FOUND

  • Source citation: Work cat.: (NUST): Simmons, Geore.F, Krantz, Steven.G, Differential equations, 2007
© 2023 Central Library, National University of Sciences and Technology. All Rights Reserved.